000 00567nam a22001577a 4500
999 _c18640
_d18640
008 231219b ||||| |||| 00| 0 eng d
020 _a9781774690604
082 _22022
_aDC 362.768
_bM527
100 _aMenon, Sudha.
_950537
245 _aA guide to child protection and case management :
_broles of social work and social care /
_cSudha Menon.
260 _aCanada :
_bSociety publishing,
_c©2022.
300 _axvi, 227 pages :
_bcolor illustrations ;
_c23.5 cm.
500 _aIncludes bibliography and index.
650 _aChild welfare.
_950538
942 _2ddc
_cDC